Ночь Сварога: роман
| Main Author: | |
|---|---|
| Language: | Russian |
| Published: |
СПб., Изд-во Крылов, 2005-
|
| Series: | Историческая авантюра |
| Format: | MixedMaterials Book |
| KOHA link: | https://koha.lib.tpu.ru/cgi-bin/koha/opac-detail.pl?biblionumber=94640 |
MARC
| LEADER | 00000nam1a2200000 4500 | ||
|---|---|---|---|
| 001 | 94640 | ||
| 005 | 20231031105724.0 | ||
| 035 | |a (RuTPU)RU\TPU\book\101380 | ||
| 090 | |a 94640 | ||
| 100 | |a 20060413d m y0rusy50 ca | ||
| 101 | 0 | |a rus | |
| 102 | |a RU | ||
| 200 | 1 | |a Ночь Сварога |e роман |f О. Гончаров | |
| 210 | |a СПб. |c Изд-во Крылов |d 2005- | ||
| 225 | 1 | |a Историческая авантюра | |
| 700 | 1 | |a Гончаров |b О. |g Олег | |
| 801 | 1 | |a RU |b 63413507 |c 20060413 |g PSBO | |
| 801 | 2 | |a RU |b 63413507 |c 20060413 |g PSBO | |
| 942 | |c BK | ||